00519nam a2200181 a 45000010010000000030011000100080041000210350026000620820014000881000021001022450031001232600034001546500012001889420012002009520090002129980020003029990015003220000-8609ELIB.Books110520 1971  a(ELIB.Books)0000-8755 aFic bLiv aLively, Penelope aThe Wild Hunt Of Hagworthy bLondon: A Piccolo Book c1971 aFiction 2ddccBK 00102ddc4070aKBTSbKBTSd2011-05-20l0p4221r2022-01-22 00:00:00w2022-01-22yBK cbate2011-05-20 c8609d8609